Cavs 2016-17 Roster - Statistics

General Stats
  • This quiz has been taken 32 times
  • The average score is 8 of 22
Answer Stats
Hint Answer % Correct
0 Kevin Love
97%
23 LeBron James
97%
2 Kyrie Irving
93%
5 J.R. Smith
79%
13 Tristan Thompson
79%
31 Deron Williams
48%
26 Kyle Korver
48%
24 Richard Jefferson
48%
52 Mo Williams
45%
4 Iman Shumpert
41%
1 James Jones
41%
8 Channing Frye
14%
30 Dahntay Jones
10%
6 Andrew Bogut
7%
20 Kay Felder
7%
00 Chris Anderson
3%
14 DeAndre Liggins
3%
32 Derrick Williams
3%
12 Jordan McRae
3%
40 Edy Tavares
0%
9 Larry Sanders
0%
3 Mike Dunleavy
0%
No matching quizzes found
Score Distribution
Percent of People with Each Score
Percentile by Number Answered
Your Score History
You have not taken this quiz